Operaciones bancarias : (Registro nro. 12017)

Detalles MARC
000 -LEADER
fixed length control field 00920nam a2200241Ia 4500
003 - CONTROL NUMBER IDENTIFIER
control field OSt
005 - DATE AND TIME OF LATEST TRANSACTION
control field 20210728144738.0
008 - FIXED-LENGTH DATA ELEMENTS--GENERAL INFORMATION
fixed length control field 210310s1967 mx gr 000 0 spa d
040 ## - CATALOGING SOURCE
Original cataloging agency CO-JMCR
Transcribing agency CO-JMCR
041 0# - LANGUAGE CODE
Language code of text/sound track or separate title spa
082 04 - DEWEY DECIMAL CLASSIFICATION NUMBER
Classification number 331.1 /
Item number B181o
Edition number 23
100 1# - MAIN ENTRY--PERSONAL NAME
Personal name Bauche Garciadiego, Mario,
Relator term autor
9 (RLIN) 27058
245 10 - TITLE STATEMENT
Title Operaciones bancarias :
Remainder of title activas pasivas y complementarias /
Statement of responsibility, etc. Mario Bachue Garciadiego
250 ## - EDITION STATEMENT
Edition statement Primera edición
260 ## - PUBLICATION, DISTRIBUTION, ETC.
Place of publication, distribution, etc. México :
Name of publisher, distributor, etc. Porrua,
Date of publication, distribution, etc. 1967.
300 ## - PHYSICAL DESCRIPTION
Extent 371 páginas ;
Dimensions 23 cm.
504 ## - BIBLIOGRAPHY, ETC. NOTE
Bibliography, etc. note Bibliografía: páginas 369-371
505 ## - FORMATTED CONTENTS NOTE
Formatted contents note Historia de la banca. -- Generalidades. -- Operaciones pasivas. -- Operaciones activas de los bancos. -- Operaciones complementarias. -- Limitaciones y privilegios. --
650 14 - SUBJECT ADDED ENTRY--TOPICAL TERM
Topical term or geographic name entry element Banca y crédito
9 (RLIN) 27060
650 24 - SUBJECT ADDED ENTRY--TOPICAL TERM
Topical term or geographic name entry element Deposito bancario
9 (RLIN) 38846
650 24 - SUBJECT ADDED ENTRY--TOPICAL TERM
Topical term or geographic name entry element Antecedentes históricos del cheque.
9 (RLIN) 38847
942 ## - ADDED ENTRY ELEMENTS (KOHA)
Source of classification or shelving scheme Dewey Decimal Classification
Koha item type Books
Existencias
Withdrawn status Lost status Source of classification or shelving scheme Damaged status Not for loan Home library Current library Shelving location Date acquired Source of acquisition Full call number Barcode Date last seen Copy number Price effective from Koha item type
    Dewey Decimal Classification     Biblioteca Pública José María del Castillo y Rada Biblioteca Pública José María del Castillo y Rada General Stacks 04/15/2018 Donación 331.1 / B181o 430005021 05/16/2024 Ej.1 03/10/2021 Books